banner-ar

تاريخ المفاوضات المصرية البريطانية : (Record no. 58803)

MARC details
000 -الفاتح
حقل البيانات ثابتة الطول 00910nam a2200181Ia 4500
008 - عناصر البيانات ثابتة الطول - معلومات عامة
حقل البيانات ثابتة الطول 140319s9999 xx 000 0 ara d
040 ## - مصدر الفهرسة
وكالة الفهرسة الأصلية GCL /
وكالة النسخ GCL
082 04 - رقم تصنيف ديوى العشرى
رقم التصنيف ق
رقم المادة 962.04
-- م ت
100 1# - المدخل الرئيسى - إسم شخصى
الإسم الشخصى محمد شفيق غربال
245 10 - بيان العنوان
العنوان تاريخ المفاوضات المصرية البريطانية :
بقية العنوان الجزء الاول بحث فى العلاقات المصرية البريطانية من الاحتلال على عقد معاهدة التحالف 1882 - 1936 /
بيان المسئوليه,etc محمد شفيق غربال
260 ## - PUBLICATION, DISTRIBUTION, ETC. (IMPRINT)
تاريخ النشر أو التوزيع 0
300 ## - الوصف المادى
التعداد 324 ص ؛
أبعاد الوعاء 24 سم
650 04 - المدخل الاضافى بالموضوع-مصطلح موضوعى
مصطلح موضوعي مصر - تاريخ - العصر الحديث - الاحتلال البريطانى
650 04 - المدخل الاضافى بالموضوع-مصطلح موضوعى
مصطلح موضوعي مصر - الاحتلال البريطانى - معاهدات
650 04 - المدخل الاضافى بالموضوع-مصطلح موضوعى
مصطلح موضوعي مصر - الاحتلال البريطانى - مفاوضات
942 ## - عناصر المدخل الإضافي( كوها)
مصدر التصنيف او مخطط الترفيف Dewey Decimal Classification
Koha [default] item type كتاب
260 ## - PUBLICATION, DISTRIBUTION, ETC. (IMPRINT)
-- القاهرة :
-- مكتبة النهضة المصرية ،
Holdings
حالة التراجع حالة الفقد حالة تلف ليس للاعارة المكان المؤقت الموقع الحالى تاريخ الاكتساب اجمالي اﻻعارات رقم الطلب الباركود تاريخ اخر مشاهدة تاريخ تفعيل السعر نوع وعاء كوها
        مكتبة القاهرة الكبرى مكتبة القاهرة الكبرى 03/26/2014   ق\962.04\م ت 152566 03/26/2014 03/26/2014 كتاب
        مكتبة القاهرة الكبرى مكتبة القاهرة الكبرى 03/26/2014   ق\962.04\م ت 152567 03/26/2014 03/26/2014 كتاب

Powered By

EGPV